|
|
|
|
| LEADER |
00965nam a2200265 i 4500 |
| 001 |
c000308992 |
| 003 |
CARM |
| 005 |
00000000000000.0 |
| 008 |
840302s1975 pau 0 eng d |
| 019 |
1 |
|
|a 457387
|5 LACONCORD2021
|
| 020 |
|
|
|a 0470630841
|
| 035 |
|
|
|a (OCoLC)1121140
|5 LACONCORD2021
|
| 082 |
0 |
4 |
|a 551.4/4
|
| 245 |
0 |
0 |
|a Playas and dried lakes :
|b occurrence and development /
|c edited by James T. Neal.
|
| 260 |
|
|
|a Stroudsburg, Pa. :
|b Dowden, Hutchinson & Ross,
|c [1975].
|
| 300 |
|
|
|a xv, 411 p. :
|b ill. ;
|c 26 cm.
|
| 490 |
0 |
|
|a Benchmark papers in geology ;
|v v. 20
|
| 504 |
|
|
|a Includes bibliographies and indexes.
|
| 650 |
|
0 |
|a Playas.
|
| 650 |
|
0 |
|a Lakes.
|
| 650 |
|
0 |
|a Hydrology.
|
| 700 |
1 |
|
|a Neal, James T.
|
| 852 |
8 |
|
|b CARM
|h A1:AR11F0
|i C10823
|p 0500356
|f BK
|
| 999 |
f |
f |
|i 434ba81f-6beb-5a78-9c44-b0a26a2e7da1
|s 702da163-4a7d-5267-8cd1-e82c95348b55
|
| 952 |
f |
f |
|p Can circulate
|a CAVAL
|b CAVAL
|c CAVAL
|d CARM 1 Store
|e C10823
|f A1:AR11F0
|h Other scheme
|i book
|m 0500356
|